Flashovacia stanica infotainmentu pre automobily Porsche

Enregistré dans:
Détails bibliographiques
Auteur principal: Molčan, Juraj (Auteur)
Autres auteurs: Magdolen, Ľuboš (Directeur de thèse)
Format: Manuscrit Livre
Langue:slovaque
Publié: 2025
Sujets:
Accès en ligne:http://is.stuba.sk/zp/portal_zp.pl?podrobnosti=170139
Tags: Ajouter un tag
Pas de tags, Soyez le premier à ajouter un tag!

MARC

LEADER 00000ntm a22000003a 4500
001 stuzp105534
003 SK-STU
005 20250628212845.5
007 ta
008 150427s2015----xo-----f-mn---000-0-slo-d
040 |a STU  |b slo 
041 0 |a slo 
100 1 |a Molčan, Juraj  |u 020030  |4 aut  |U SjF Strojnícka fakulta  |T SjF Ústav automobilového inžinierstva a konštruovania  |X 116766  |U J0030  |Y 806  |7 116766 
242 0 1 |a Infotainment Flash Station for Porsche Cars  |y eng 
245 1 0 |a Flashovacia stanica infotainmentu pre automobily Porsche 
260 |c 2025 
650 4 |a LIN  |2 slo 
650 4 |a FlexRay  |2 slo 
650 4 |a Infotainment  |2 slo 
650 4 |a CAN  |2 slo 
650 4 |a Automotive Ethernet  |2 slo 
650 4 |a LIN  |2 eng 
650 4 |a FlexRay  |2 eng 
650 4 |a Automotive Ethernet  |2 eng 
650 4 |a CAN  |2 eng 
650 4 |a Infotainment  |2 eng 
700 1 |a Magdolen, Ľuboš  |u 020030  |k Z1  |4 ths  |U SjF Strojnícka fakulta  |T SjF Ústav automobilového inžinierstva a konštruovania  |X 2362  |U J0030  |Y 806  |7 A00002362 
856 4 |u http://is.stuba.sk/zp/portal_zp.pl?podrobnosti=170139